Financovanie Národnej poisťovne v roku 1994

Bibliographic Details
Main Authors: Szabo, Michal (Author), Holečková, Nadežda (Author)
Format: Article
Language:Slovak
Subjects:

MARC

LEADER 00000nab a2200000 a 4500
001 vtls000502459
003 SK-MaSNL
005 20260303003245.0
008 120927c1993 xo 0 slo
015 |a SNBRB19rr/mm-uuuuu 
035 |a CL0502597 
040 |a SNKBUCL  |b slo  |c SNKBUCL  |e AACR2 
041 0 |a slo 
044 |a xo  |c SK 
080 |a 368.3/.4.031:336.127  |2 1981 
080 |a 336.127  |2 1981 
100 1 |a Szabo, Michal  |4 aut  |9 268629 
245 1 0 |a Financovanie Národnej poisťovne v roku 1994  |c Michal Szabo, Nadežda Holečková 
650 0 7 |a Národná poisťovňa  |2 snkbucl  |9 980402 
650 0 7 |a rozpočet štátny SR  |2 snkbucl  |9 966872 
655 7 |a články z novín a časopisov  |2 snkbucl  |9 267496 
700 1 |a Holečková, Nadežda  |4 aut  |9 896945 
773 0 |t Národné poistenie  |g Roč. 25, č. 12 (1993), s. 2-3 
850 |a Slovenská národná knižnica v Martine  |a MTA001 
852 |a SNK  |b KIS3GCP 
958 |a RK 
992 |a RBX 
999 |c 1571908  |d 1573838